000
00289nam a22001337a 4500
008
171018b xxu||||| |||| 00| 0 eng d
020
_a
9780132257732
041
_a
eng
080
_2
9 ED
_a
338
100
_a
53
101
_a
MEN
245
_a
MANAGEMENT
_c
ROBBINS.S.P
942
_2
udc
_c
BK
999
_c
34746
_d
34746